02259nam a22002537a 450000500170000000800410001702000180005804000070007604100080008308200180009110000280010924500680013726000320020530000300023736500680026752014000033565000240173565000250175965000260178470000260181094200120183699900190184895201380186720251016114355.0251016b |||||||| |||| 00| 0 eng d a9781805224013 cAL aeng a796.092bRAVW aGeorge Raveling9242370 aWhat you are made forb: powerful lessons from a life in sports aLondonbProfile Booksc2025 axxiii,198pbHBc22.5x14.5 2EnglishaHYD8-5474906b₹333.00c₹d₹333.00e0f16-10-2025 aGeorge Raveling is a legend on sports, business, and the great game of life' TIM FERRISS 'I'm proud to call George a mentor and a friend' MICHAEL JORDAN 'George Raveling is the mentor you wish you had' RICH ROLL 'This is a must-read book' CHARLES BARKLEY Game-changing wisdom from pioneering coach and Nike executive George Raveling, coauthored by bestselling author Ryan Holiday - with a foreword by basketball legend Michael Jordan George Raveling knows all about beating the odds. A living legend, he has been a game-changing basketball coach, stood at the side of Martin Luther King Jr, mentored Michael Jordan and shaped the world of sports as a Director at Nike. But his life began in the shadow of segregation, death and mental illness. Here, he teams up with bestselling author Ryan Holiday to share the lessons drawn from his extraordinary life and career. This is not a memoir, but a blueprint for anyone who wants to overcome obstacles and achieve success on their own terms. You'll find strategies for discovering purpose, insights on how to keep evolving and growing, advice for building meaningful connections, and tactics to compound daily victories into your greatest achievements. From finding a mentor to building a legacy, this book provides tools to not just navigate life, but to live it with intention and impact. And it all starts with the question: what are you made for? aTrailblazer9242366 aGood Steward9242367 aCoaching Tree9242368 aHoliday, Ryan9242369 2ddccBK c240563d240563 00102ddc40708ENGaALbALcSKd2025-10-16eamazon.ing333.00l0o796.092 RAVWp077926r2025-10-16 11:41:59v333.00w2025-10-03yBK